The Dyer's companion
In 1806, when Bemiss's Dyer's Companion first appeared, the American dyeing industry was beset with problems; Europe was trying to maintain control of the market, and American dyers were often undertrained with recipes selling from master to apprentice "for twenty and thirty dollars e...
Enregistré dans:
| Auteur principal: | |
|---|---|
| Format: | Livre |
| Langue: | Undetermined |
| Publié: |
New York
Dover Publications
1973
|
| Sujets: | |
| Tags: |
Ajouter un tag
Pas de tags, Soyez le premier à ajouter un tag!
|
| Thư viện lưu trữ: | Trung tâm Học liệu Trường Đại học Cần Thơ |
|---|
| LEADER | 01083nam a2200205Ia 4500 | ||
|---|---|---|---|
| 001 | CTU_220285 | ||
| 008 | 210402s9999 xx 000 0 und d | ||
| 020 | |c 9.99 | ||
| 082 | |a 667.3 | ||
| 082 | |b B455 | ||
| 100 | |a Bemiss, Elijah | ||
| 245 | 4 | |a The Dyer's companion | |
| 245 | 0 | |c Elijah Bemiss ; with a new introduction by Rita J. Adrosko | |
| 260 | |a New York | ||
| 260 | |b Dover Publications | ||
| 260 | |c 1973 | ||
| 520 | |a In 1806, when Bemiss's Dyer's Companion first appeared, the American dyeing industry was beset with problems; Europe was trying to maintain control of the market, and American dyers were often undertrained with recipes selling from master to apprentice "for twenty and thirty dollars each." To remedy this situation, Elijah Bemiss wrote his book. Today Bemiss's work is still important for seeing the exact methods of natural dyeing and understanding the life of the dyer in the early nineteenth century. | ||
| 650 | |a Thuốc nhuộm và nhuộm,Dyes and dyeing | ||
| 904 | |i Hải | ||
| 980 | |a Trung tâm Học liệu Trường Đại học Cần Thơ | ||